Manuals d'ofimàtica [Recurs electrònic]
Descripción Física:
1 disc òptic (CD-ROM) ; 12 cm
MARC
| LEADER | 00000nam a2200000Ia 4500 | ||
|---|---|---|---|
| 001 | 23337 | ||
| 008 | 160829s2011 xx 000 0 cat d | ||
| 080 | |a CD-1-214 | ||
| 245 | |a Manuals d'ofimàtica [Recurs electrònic] | ||
| 260 | |a Barcelona : |b Diputació de Barcelona. Direcció de Serveis de Formació, |c 2011 | ||
| 300 | |a 1 disc òptic (CD-ROM) ; |c 12 cm | ||
| 590 | |a Inclou: Microsoft Internet Explorer, Microsoft Windows XP, Microsoft Word XP, Microsoft Excel XP, Microsoft Power Point XP, Microsoft Acces XP | ||
| 650 | |a Informàtica |x Manuals, guies, etc. |9 47786 | ||
| 650 | |a Ofimàtica |x Manuals, guies, etc. |9 47787 | ||
| 710 | |a Barcelona (Catalunya : Província). |b Direcció de Serveis de Formació |9 51343 | ||
| 901 | |a Arxiu | ||
| 942 | |n 1 | ||
| 952 | |0 0 |1 0 |4 0 |6 CD1214 |7 1 |9 54110 |a Arxiu |b Arxiu |d 2011-11-16 |l 0 |o CD-1-214 |p 23337 |r 2016-12-01 00:00:00 |w 2016-12-01 |y ARXIU | ||
| 999 | |c 57979 |d 57979 | ||